书目信息 |
| 题名: |
无机试剂标准
|
|
| 作者: | ||
| 分册: | 第二册 硝酸钙-氯化钙 | |
| 出版信息: | 国家标准出版局 1949 |
|
| 页数: | 257页 | |
| 开本: | 26cm | |
| 丛书名: | ||
| 单 册: | ||
| 中图分类: | O652.3 | |
| 科图分类: | ||
| 主题词: | 分析化学 , 分析(化学) | |
| 电子资源: | ||
| ISBN: | ||
| 000 | 00500nam0 2200181 450 | |
| 001 | 0630080493 | |
| 005 | 20060912082316.34 | |
| 100 | @a20060912d1949 km y0chiy0120 ea | |
| 101 | 0 | @achi |
| 200 | 1 | @a无机试剂标准@Awu ji shi ji biao zhun@h第二册@i硝酸钙-氯化钙 |
| 210 | @c国家标准出版局@d1949 | |
| 215 | @a257页@d26cm | |
| 517 | 1 | @a硝酸钙-氯化钙@Axiao suan gai-lu hua gai |
| 606 | 0 | @a分析化学 |
| 606 | 0 | @a分析(化学) |
| 690 | @aO652.3@v3 | |
| 801 | 0 | @aCN@bPFT@c20060912 |
| 905 | @a10447@dO652.3@e114:2 | |
| 无机试剂标准.第二册.硝酸钙-氯化钙.-国家标准出版局,1949 |
| 257页;26cm |
| ISBN : |
| ● |
| 相关链接 |
|
|
|
|
正题名:无机试剂标准
索取号:O652.3/114:2
 
预约/预借
| 序号 | 登录号 | 条形码 | 馆藏地/架位号 | 状态 | 备注 |
| 1 | 0470582 | 204705827 | 密集书库/ [索取号:O652.3/114:2] | 在馆 |